|
|
|
|
| LEADER |
01473nam a2200289 a 4500 |
| 001 |
1598167 |
| 008 |
101129r20071995maua b 001 0 eng d |
| 010 |
|
|
|a 94034264
|
| 020 |
|
|
|a 8131700070
|
| 020 |
|
|
|a 0201633612 (acid-free paper)
|
| 040 |
|
|
|a DLC
|c DLC
|d DLC
|d BD-DhAAL
|
| 082 |
0 |
0 |
|a 005.1/2
|2 22
|
| 245 |
0 |
0 |
|a Design patterns :
|b elements of reusable object-oriented software /
|c Erich Gamma ... [et al.].
|
| 260 |
|
|
|a Reading, Mass. :
|b Addison-Wesley ;
|a New Delhi :
|b Pearson Education,
|c c1995. [Reprinted 2007]
|
| 300 |
|
|
|a xv, 395 p. :
|b ill. ;
|c 24 cm.
|
| 490 |
0 |
|
|a Addison-Wesley professional computing series
|
| 504 |
|
|
|a Includes bibliographical references (p. 375-381) and index.
|
| 541 |
|
|
|e 00016438
|
| 650 |
|
0 |
|a Object-oriented programming (Computer science)
|
| 650 |
|
0 |
|a Computer software
|x Reusability.
|
| 650 |
|
0 |
|a Software patterns.
|
| 700 |
1 |
|
|a Gamma, Erich.
|
| 852 |
4 |
|
|a Ayesha Abed Library
|j General shelf
|
| 999 |
|
|
|c 10106
|d 10106
|
| 952 |
|
|
|0 0
|1 0
|2 ddc
|4 0
|6 005_120000000000000_DES
|7 0
|9 13360
|a BRACUL
|b BRACUL
|c GEN
|d 2010-12-01
|l 8
|m 46
|o 005.12 DES
|p 3010016438
|r 2025-08-26
|s 2025-08-12
|t 1
|w 2010-12-01
|y BK
|
| 952 |
|
|
|0 0
|1 0
|2 ddc
|4 0
|6 005_120000000000000_DES
|7 0
|9 17677
|a BRACUL
|b BRACUL
|c GEN
|d 2011-07-30
|g 506.00
|l 4
|m 48
|o 005.12 DES
|p 3010013118
|r 2025-08-24
|s 2025-08-07
|t 2
|w 2011-07-30
|y BK
|
| 952 |
|
|
|0 0
|1 0
|2 ddc
|4 0
|6 005_120000000000000_DES
|7 0
|9 17678
|a BRACUL
|b BRACUL
|c GEN
|d 2011-07-30
|l 3
|m 38
|o 005.12 DES
|p 3010016441
|r 2026-01-17
|s 2025-12-15
|t 3
|w 2011-07-30
|y BK
|